<?xml version="1.0" encoding="UTF-8"?><?xml-stylesheet type="text/xsl" href="static/style.xsl"?><OAI-PMH xmlns="http://www.openarchives.org/OAI/2.0/" xmlns:xsi="http://www.w3.org/2001/XMLSchema-instance" xsi:schemaLocation="http://www.openarchives.org/OAI/2.0/ http://www.openarchives.org/OAI/2.0/OAI-PMH.xsd"><responseDate>2026-04-14T04:33:37Z</responseDate><request verb="GetRecord" identifier="oai:www.recercat.cat:20.500.12327/5015" metadataPrefix="marc">https://recercat.cat/oai/request</request><GetRecord><record><header><identifier>oai:recercat.cat:20.500.12327/5015</identifier><datestamp>2026-02-24T00:35:11Z</datestamp><setSpec>com_2072_4428</setSpec><setSpec>com_2072_4427</setSpec><setSpec>col_2072_487898</setSpec></header><metadata><record xmlns="http://www.loc.gov/MARC21/slim" xmlns:dcterms="http://purl.org/dc/terms/" xmlns:xsi="http://www.w3.org/2001/XMLSchema-instance" xmlns:doc="http://www.lyncode.com/xoai" xsi:schemaLocation="http://www.loc.gov/MARC21/slim http://www.loc.gov/standards/marcxml/schema/MARC21slim.xsd">
   <leader>00925njm 22002777a 4500</leader>
   <datafield ind2=" " ind1=" " tag="042">
      <subfield code="a">dc</subfield>
   </datafield>
   <datafield ind2=" " ind1=" " tag="720">
      <subfield code="a">Jové-Juncà, Teodor</subfield>
      <subfield code="e">author</subfield>
   </datafield>
   <datafield ind2=" " ind1=" " tag="720">
      <subfield code="a">Haas, V.P.</subfield>
      <subfield code="e">author</subfield>
   </datafield>
   <datafield ind2=" " ind1=" " tag="720">
      <subfield code="a">Calus, M.P.L.</subfield>
      <subfield code="e">author</subfield>
   </datafield>
   <datafield ind2=" " ind1=" " tag="720">
      <subfield code="a">Ballester Devis, Maria</subfield>
      <subfield code="e">author</subfield>
   </datafield>
   <datafield ind2=" " ind1=" " tag="720">
      <subfield code="a">Quintanilla, Raquel</subfield>
      <subfield code="e">author</subfield>
   </datafield>
   <datafield ind2=" " ind1=" " tag="260">
      <subfield code="c">2025-12-16</subfield>
   </datafield>
   <datafield ind2=" " ind1=" " tag="520">
      <subfield code="a">Considering health-related traits among breeding selection criteria has been proposed as a way to improve pig robustness. This study investigated the potential of whole blood RNA-sequencing data for predicting immunity-related traits, stress indicators and carcass weight, using data from 255 pigs belonging to a commercial Duroc population. The prediction performance of mixed models fitting either genomic (G), transcriptomic (T) or both effects as independent (GT) was evaluated and compared. Three additional models addressing the redundant information between G and T were also evaluated: the GTC model that subtracts the genetic effect from the transcriptome, the GTCi model that makes this correction based on the estimated heritability of T effects, and a multiomic model that weights G and T effects in a multiomics relationship matrix. The models including gene expression information captured a higher proportion of variance than the genomic model for all studied traits but carcass weight. Adding transcriptomic effects improved both model fit and phenotypic prediction of all immunity traits, particularly those with a high transcriptomic contribution such as the abundance of T helper and γδ T cells, the haptoglobin concentration and the leukocyte counts. Considering the interaction between genomic and transcriptomic effects led to greater prediction accuracies, with the GTCi model performing the best. Our work demonstrates the value of considering gene expression data to predict immunity traits as well as the importance of adequately modelling the interaction between genomic and transcriptomic effects.</subfield>
   </datafield>
   <datafield ind1="8" ind2=" " tag="024">
      <subfield code="a">1751-7311</subfield>
   </datafield>
   <datafield ind1="8" ind2=" " tag="024">
      <subfield code="a">https://hdl.handle.net/20.500.12327/5015</subfield>
   </datafield>
   <datafield ind1="8" ind2=" " tag="024">
      <subfield code="a">https://doi.org/10.1016/j.animal.2025.101742</subfield>
   </datafield>
   <datafield ind2="0" ind1="0" tag="245">
      <subfield code="a">Using transcriptomic data to improve the prediction of immunity traits in pigs</subfield>
   </datafield>
</record></metadata></record></GetRecord></OAI-PMH>